Normal view
MARC view
- Self organizaing systems
Entry Topical Term
001 - CONTROL NUMBER
- control field: 95175
003 - CONTROL NUMBER IDENTIFIER
- control field: NUST
005 - DATE AND TIME OF LATEST TRANSACTION
- control field: 20220726121716.0
008 - FIXED-LENGTH DATA ELEMENTS
- fixed length control field: 220726|| aca||aabn | a|a d
040 ## - CATALOGING SOURCE
- Original cataloging agency: NUST
- Transcribing agency: NUST
150 ## - HEADING--TOPICAL TERM
- Topical term or geographic name entry element: Self organizaing systems
- General subdivision: Security measures
670 ## - SOURCE DATA FOUND
- Source citation: Work cat.: (NUST)189492: Security of self-organizing networks :, 2011.
